000 00362nam a2200157Ia 4500
008 221030s9999 xx 000 0 und d
020 _a817808970X
041 _aEnglish
082 _a105.23
_bSha
100 _aV. Sharan
245 0 _aInternational Business
260 _bPearson Education
_aDelhi
_c2003
300 _a393
650 _aManagement
942 _cBK
999 _c934
_d934